| LEADER | 01102nam a2200241 4500 | ||
|---|---|---|---|
| 082 | |a 808.8 |b NG527D | ||
| 100 | |a Nguyễn Duy Cần | ||
| 245 | |a Cái vườn của thánh nhân |c Nguyễn Duy Cần | ||
| 250 | |a | ||
| 260 | |a H. |b Thanh niên |c 1999 | ||
| 300 | |a 267 tr. |c 19 cm. | ||
| 520 | |a v.v... | ||
| 653 | |a Văn học | ||
| 653 | |a Trung Quốc | ||
| 653 | |a Ấn Độ | ||
| 653 | |a Nga | ||
| 653 | |a Nhật Bản | ||
| 942 | |2 ddc |c STK0 | ||
| 999 | |c 8623 |d 8623 | ||
| 952 | |0 0 |1 0 |2 ddc |4 0 |6 808_800000000000000_NG527D |7 0 |8 800 |9 70635 |a qbu |b qbu |c D5 |d 2015-04-12 |g 26000 |o 808.8 NG527D |p 8360.c1 |r 0000-00-00 |w 2015-04-12 |y STK0 | ||
| 952 | |0 0 |1 0 |2 ddc |4 0 |6 808_800000000000000_NG527D |7 0 |8 800 |9 70636 |a qbu |b qbu |c D5 |d 2015-04-12 |g 26000 |o 808.8 NG527D |p 8360.c2 |r 0000-00-00 |w 2015-04-12 |y STK0 | ||
| 952 | |0 0 |1 0 |2 ddc |4 0 |6 808_800000000000000_NG527D |7 0 |8 800 |9 70637 |a qbu |b qbu |c D5 |d 2015-04-12 |g 26000 |l 1 |o 808.8 NG527D |p 8360.c3 |r 2015-12-07 |s 2015-11-27 |w 2015-04-12 |y STK0 | ||
| 952 | |0 0 |1 0 |2 ddc |4 0 |6 808_800000000000000_NG527D |7 0 |8 800 |9 70638 |a qbu |b qbu |c D5 |d 2015-04-12 |g 26000 |o 808.8 NG527D |p 8360.c4 |r 0000-00-00 |w 2015-04-12 |y STK0 | ||